Tilastot visalle Valtioiden Lippuja, Joissa on Kotka - Kuvatietokilpailu

Klikkaa tästä pelataksesi tätä visaa!

Yleistilastot

  • Tätä visaa on pelattu 98 kertaa
  • Keskiarvotulos 4 / 9

Vastaustilastot

maa% Oikein
Albania
99%
Meksiko
59%
Egypti
58%
Moldova
49%
Montenegro
43%
Serbia
39%
Sambia
29%
Kazakstan
25%
Zimbabwe
24%

Tulosjakauma

Persentiili vastausten määrän mukaan

Jokaisen tuloksen saaneiden osuus

Tuloshistoriasi

Et ole pelannut tätä visaa